000 00657cam a22002413a 4500
001 25498
003 PGUSA
005 20140828083540.0
008 080517s2008||||xxu|||||s|||||000 | eng d
040 _aPGUSA
_beng
042 _adc
050 4 _aBQ
245 1 0 _a佛說無量壽經
_h[electronic resource]
260 _bProject Gutenberg,
_c2008
506 _aPublic domain in the USA.
516 _aElectronic text
653 _aPure Land Buddhism -- Sacred books
700 1 _aSanghavarman,
_d-520
740 0 _aFo Shuo Wu Liang Shou Jing
830 0 _aProject Gutenberg
_v25498
856 4 0 _uhttp://www.gutenberg.org/ebooks/25498
942 _cEB
999 _c254753
_d254753